| 000 | 01179nam a22003497a 4500 | ||
|---|---|---|---|
| 003 | CHAP | ||
| 005 | 20220817042805.0 | ||
| 008 | 971013s1981 r 00010 d | ||
| 010 | _a55753 | ||
| 011 | _a56725 | ||
| 035 | _a60878 | ||
| 040 | _cCHAP | ||
| 090 | _aFolleto 11927 | ||
| 100 | 0 | 0 |
_aSevernev, M. M. _9105396 |
| 245 | _aReview of existing technological process in the machanization of crop production in orden to reduce energy consumption | ||
| 260 |
_aNew York : _bUnited Nations, _c1981 |
||
| 300 | _a25 p. | ||
| 490 |
_aAGRI/MECH report _v; 88 |
||
| 590 |
_aBATCH-UPD _b10 _c20130109 _lUCH01 _h2316 |
||
| 590 |
_aBATCH-UPD _b10 _c20130110 _lUCH01 _h0755 |
||
| 590 |
_aBATCH-UPD _b10 _c20130410 _lUCH01 _h0434 |
||
| 590 |
_aBATCH-UPD _b10 _c20130913 _lUCH01 _h1956 |
||
| 590 |
_aBATCH-UPD _b10 _c20130914 _lUCH01 _h1312 |
||
| 590 |
_aCONVERSION _b10 _c20130109 _lUCH01 _h1330 |
||
| 650 | 1 | 4 |
_aAgricultura _xInnovaciones tecnológicas. _91565 |
| 650 | 1 | 4 |
_aEnergía y agricultura. _936915 |
| 650 | 1 | 4 |
_aMecanización agrícola. _973801 |
| 830 | 0 |
_aAGRI - MECH report _v; 88 |
|
| 901 | _aBK | ||
| 942 | _cFOLL | ||
| 949 |
_aFolleto 11927 _bBC _cFOLL _d-130996 _eTS1 _i60878 _si |
||
| 999 |
_c55753 _d55753 |
||